| 000 | 00748nam a2200253Ia 4500 | ||
|---|---|---|---|
| 008 | 191130s2009##################000#0#eng## | ||
| 020 | _a9781405181761 | ||
| 022 | _a2008026534 | ||
| 040 |
_aACL _cACL |
||
| 082 | _a361.610941 HIL | ||
| 100 | _aHill, Michael J | ||
| 245 |
_aUnderstanding social policy _cMichael Hill and Zoë Irving |
||
| 250 | _a8th ed | ||
| 260 |
_aHoboken, NJ _bWiley-Blackwell _c2009 |
||
| 300 | _axii, 293 p. ; 25 cm | ||
| 500 | _aIncludes bibliographical references (p. [277]-288) and index | ||
| 650 | _aGreat Britain - Social policy | ||
| 650 | _aWelfare economics | ||
| 650 | _aWelfare state | ||
| 700 | _aIrving, Zoë | ||
| 990 | _aac3679b5ac10000c66bca597bfef5829 | ||
| 991 | _a345023 | ||
| 999 |
_c85891 _d85891 |
||